IFM Opac

Principles of Corporate Finance (Record no. 22192)

MARC details
000 -LEADER
fixed length control field 00390nam a22001577a 4500
020 ## - INTERNATIONAL STANDARD BOOK NUMBER
ISBN 978-1-1219-1394-3
082 ## - DEWEY DECIMAL CLASSIFICATION NUMBER
Classification number 658.15
100 ## - MAIN ENTRY--AUTHOR NAME
Personal name Brealey, Richard A.
245 ## - TITLE STATEMENT
Title Principles of Corporate Finance
250 ## - EDITION STATEMENT
Edition statement 11th
260 ## - PUBLICATION, DISTRIBUTION, ETC. (IMPRINT)
Place of publication New York:
Name of publisher McGraw-Hill,
Year of publication 2013
300 ## - PHYSICAL DESCRIPTION
Number of Pages vii, 991p.: ill.; 28cm
700 ## - ADDED ENTRY--PERSONAL NAME
Personal name Myers, Stewart C.
700 ## - ADDED ENTRY--PERSONAL NAME
Personal name Allen, Franklin
942 ## - ADDED ENTRY ELEMENTS (KOHA)
Koha item type Books
Holdings
Withdrawn status Lost status Damaged status Not for loan Collection code Permanent Location Current Location Shelving location Date acquired Source of acquisition Full call number Accession Number Price effective from Koha item type
        Non-fiction IFM Main Campus Library IFM Main Campus Library Work Room processing 01/21/2026 Purchased 658.15 BRE 0000030183 01/21/2026 Books
        Non-fiction IFM Main Campus Library IFM Main Campus Library Work Room processing 01/21/2026 Purchased 658.15 BRE 0000030187 01/21/2026 Books
        Non-fiction IFM Main Campus Library IFM Main Campus Library Work Room processing 01/21/2026 Purchased 658.15 BRE 0000030185 01/21/2026 Books
        Non-fiction IFM Main Campus Library IFM Main Campus Library Work Room processing 01/21/2026 Purchased 658.15 BRE 0000030186 01/21/2026 Books
        Non-fiction IFM Main Campus Library IFM Main Campus Library Work Room processing 01/21/2026 Purchased 658.15 BRE 0000030184 01/21/2026 Books